00534 2200193 4500001002100000005001500021008004100036020002200077035001900099041000700118082001000125090001600135100002000151245008100171260003300252300002700285500001100312650001700323INLIS00000000000148120241224112346241224||||||||| | ||| |||| || |  a978-602-7649-68-2 0010-1224001481 aid0 a615.3 a615.3 ERN k0 aErna Nurcahyati00aKhasiat Dahsyat Daun Salam Untuk Kesehatan dan Pengobatan Tanpa Efek Samping aJakartabJendela Sehatc2014 a122 hlm.; ilus.: 22 cm aCet. 1 0aIlmu Terapan